00418cam a2200157ua 4500001000400000008003900004040000900043082001100052245006100063250000900124260004300133300001700176653002300193653001800216700002600234498110407n ii |||gr||||Z||||||eng cMAIN a342.73 aUnderstanding our constitution.cBy Jethro K. Lieberman. a1st. aNew Delhi.:bSterling publishers.,969. a282 p.:5 cm. aPolitical science. aConstitution.1 aLieberman, Jethro K.,